000 00436nam a2200181Ia 4500
001 12732
005 20260306163003.0
008 260306t2010||||xx |||||||||||||| ||spa||
041 _aESP
082 _a025.003
_bA151
100 _aAmbrose, Gavin
_eAUT
245 0 _aDiccionario visual de preimpresión producción
260 _c2010
300 _a304 páginas :
_c
650 _aGEN
654 _aCHU
942 _cDIC
_dJUS
_fJUS
_2ddc
_n
999 _c12732
_d12732